Desarrollo económico regional (Registro nro. 5587)
[ vista simple ]
| 000 -LEADER | |
|---|---|
| fixed length control field | 01039 a2200217 4500 |
| 001 - CONTROL NUMBER | |
| control field | 54488 |
| 005 - DATE AND TIME OF LATEST TRANSACTION | |
| control field | 20260407155817.0 |
| 008 - FIXED-LENGTH DATA ELEMENTS--GENERAL INFORMATION | |
| fixed length control field | 260407a1970 arg spa d |
| 003 - CONTROL NUMBER IDENTIFIER | |
| control field | AR-UNSa-BCEJYS |
| 040 ## - CATALOGING SOURCE | |
| Original cataloging agency | AR-UNSa-BCEJYS |
| Language of cataloging | spa |
| Transcribing agency | AR-UNSa-BCEJYS |
| 080 ## - UNIVERSAL DECIMAL CLASSIFICATION NUMBER | |
| Universal Decimal Classification number | 332.1 |
| Common auxiliary subdivision | Economía regional. Economía territorial |
| 041 ## - LANGUAGE CODE | |
| Language code of text/sound track or separate title | spa |
| 100 1# - MAIN ENTRY--PERSONAL NAME | |
| Personal name | Barkin, David |
| 245 10 - TITLE STATEMENT | |
| Title | Desarrollo económico regional |
| Name of part/section of a work | enfoque por cuencas hidrológicas de Mexico |
| 264 #1 - PRODUCTION, PUBLICATION, DISTRIBUTION, MANUFACTURE, AND COPYRIGHT NOTICE | |
| Place of production, publication, distribution, manufacture | México : |
| Name of producer, publisher, distributor, manufacturer | Siglo Veintiuno editores |
| Date of production, publication, distribution, manufacture, or copyright notice | 1970 |
| 300 ## - PHYSICAL DESCRIPTION | |
| Extent | viii, 267 p. |
| Dimensions | 21 cm. |
| 505 ## - FORMATTED CONTENTS NOTE | |
| Formatted contents note | I. Política del desarrollo regional en los países menos desarrollados - II. El desarrollo regional en México - III. La preocupación mexicana por el desarrollo regional - IV. Políticas mexicanas de desarrollo regional - V. La cuenca del río Tepalcatepec - VI. El efecto de la comisión del Tepalcatepec sobre la tierra caliente - VII. Una evaluación de las actividades de la comisión |
| 590 ## - LOCAL NOTE (RLIN) | |
| Local note | niveau_biblio:m niveau_hierar:0 |
| 700 1# - ADDED ENTRY--PERSONAL NAME | |
| Personal name | King, Timothy |
| 942 ## - ADDED ENTRY ELEMENTS (KOHA) | |
| Koha item type | |
| Withdrawn status | Lost status | Damaged status | Not for loan | Home library | Current library | Shelving location | Date acquired | Total checkouts | Full call number | Barcode | Date last seen | Price effective from | Koha item type |
|---|---|---|---|---|---|---|---|---|---|---|---|---|---|
| Biblioteca Prof. Eusebio Cleto del Rey | Biblioteca Prof. Eusebio Cleto del Rey | 07/04/2026 | 332.1 B256 | L53243 | 07/04/2026 | 07/04/2026 | Libro |